|
|
|
|
| LEADER |
00000cam a22000004a 4500 |
| 001 |
musev2_5740 |
| 003 |
MdBmJHUP |
| 005 |
20230905040659.0 |
| 006 |
m o d |
| 007 |
cr||||||||nn|n |
| 008 |
100126s2009 cc o 00 0 eng d |
| 010 |
|
|
|z 2010290844
|
| 020 |
|
|
|a 9789888052721
|
| 020 |
|
|
|z 9789622099616
|
| 035 |
|
|
|a (OCoLC)650853760
|
| 040 |
|
|
|a MdBmJHUP
|c MdBmJHUP
|
| 050 |
0 |
4 |
|a DS796.H753
|b B743 2009
|
| 082 |
0 |
|
|a 352.448092
|2 22
|
| 100 |
1 |
|
|a Cannon, Isidore Cyril.
|
| 245 |
1 |
0 |
|a Public Success, Private Sorrow :
|b The Life and Times of Charles Henry Brewitt-Taylor (1857-1938), China Customs Commissioner and Pioneer Translator /
|c Isidore Cyril Cannon.
|
| 264 |
|
1 |
|a [London :
|b Eurospan distributor],
|c 2009.
|
| 264 |
|
3 |
|a Baltimore, Md. :
|b Project MUSE,
|c 2012
|
| 264 |
|
4 |
|c ©2009.
|
| 300 |
|
|
|a 1 online resource (288 pages):
|b ill. ;
|
| 336 |
|
|
|a text
|b txt
|2 rdacontent
|
| 337 |
|
|
|a computer
|b c
|2 rdamedia
|
| 338 |
|
|
|a online resource
|b cr
|2 rdacarrier
|
| 490 |
0 |
|
|a Royal Asiatic Society Hong Kong studies series
|
| 504 |
|
|
|a Includes bibliographical references (p. [243]-254) and index.
|
| 520 |
|
|
|a The story of an Englishman who lived through the last years of the Qing dynasty, was trapped in the British Legation during the Boxer uprising and went on to occupy a number of senior positions in the Imperial Customs as Commissioner of Customs in various ports, Shanghai Postmaster and first Director of the important Customs College.
|
| 588 |
|
|
|a Description based on print version record.
|
| 600 |
1 |
0 |
|a Brewitt-Taylor, C. H.
|q (Charles Henry),
|d b. 1857.
|
| 610 |
1 |
0 |
|a China.
|b Hai guan zong shui wu si shu
|x Officials and employees
|v Biography.
|
| 650 |
|
0 |
|a Translators
|z China
|v Biography.
|
| 655 |
|
7 |
|a Electronic books.
|2 local
|
| 710 |
2 |
|
|a Project Muse.
|e distributor
|
| 830 |
|
0 |
|a Book collections on Project MUSE.
|
| 856 |
4 |
0 |
|z Texto completo
|u https://projectmuse.uam.elogim.com/book/5740/
|
| 945 |
|
|
|a Project MUSE - Custom Collection
|
| 945 |
|
|
|a Project MUSE - Archive Complete Foundation
|
| 945 |
|
|
|a Project MUSE - Archive History Foundation
|
| 945 |
|
|
|a Project MUSE - Archive Asian and Pacific Studies Foundation
|